00922cam a22002411 4500001001300000003000400013005001700017008004100034010001700075035002000092040004100112050003000153082001100183100003100194245006600225260007000291300004500361490005900406500010400465504003200569651004800601650003100649sd 46000017 DLC20260227112735.0940601s1946 nyuab b 000 0 eng c asd 46000017  a(OCoLC)30526322 aU.S. Dept. of State. Libr.cIENdDLC00aD410b.F65 vol. 22, no. 4 a940.521 aBlack, Cyril Edwin,d1915-14aThe axis satellites and the great powers,cby Cyril E. Black. aNew York, N.Y.,bForeign policy association, incorporatedc[1946] a1 p. l., 39-52 p.billus. (maps)c27 cm.0 aForeign policy reports,vvol. XXII, no. 4. May 1, 1946 a"Territorial problems of the axis satellites, by Ona K.D. Ringwood and Cyril E. Black": p. [51]-52. aBibliographical foot-notes. 0aEuropexPolitics and governmenty1918-1945. 0aReconstruction (1939-1951)